| 000 | 01761nam a22002777a 4500 | ||
|---|---|---|---|
| 999 |
_c6029 _d6029 |
||
| 003 | OSt | ||
| 005 | 20260127114011.0 | ||
| 008 | 260127b ||||| |||| 00| 0 eng d | ||
| 020 | _a9781339001234 | ||
| 040 | _cKH8 | ||
| 082 | _aFIC SUT | ||
| 100 |
_aSutherland, Tui T. , _eauthor. |
||
| 245 |
_aWings of Fire : _bEscaping Peril / _cTui T. Sutherland . |
||
| 260 |
_aUSA ; _bScholastic , _c2025. |
||
| 300 |
_a216 pages : _bcolor illustrations + maps ; _c23 cm. |
||
| 490 |
_aWings of Fire _vbook 8 |
||
| 520 | _aPeril has been loyal to Queen Scarlet, who used her fatal firescales to kill countless dragons in the SkyWing arena. Now, Peril is loyal to Clay, the only dragonet who has ever been her friend. So when Scarlet threatens Jade Mountain Academy, Peril sets off to find her former queen, stop her, and save the day, no matter what it takes.There's just one a strangely persistent SeaWing, Turtle, insists on coming along, too. Turtle is worried about his friends, who left to search for Scarlet and haven't returned. Peril is worried that she might accidentally burn Turtle -- or burn him on purpose, for being so annoying -- and frustrated that she keeps saying and doing the wrong things. She can't escape her firescales, and she can't escape her reputation as the deadliest dragon in Pyrrhia.So when she's offered a chance to trade everything for a new life, Peril has to decide who she's really loyal to . . . and whether her own scales might actually be worth saving. | ||
| 650 |
_aFantasy _vFiction |
||
| 650 |
_aDragons _vFiction |
||
| 700 |
_aDeutsch, Barry, _eadaptor. |
||
| 700 |
_aSwirsky, Rachel, _eadaptor. |
||
| 700 |
_aHolmes, Mike, _eartist. |
||
| 700 |
_aLaiho, Maarta, _ecolorist. |
||
| 830 | _aWings of Fire | ||
| 942 |
_2ddc _cGN |
||